| 000 | 00997nam2a2200265 4500 | ||
|---|---|---|---|
| 001 | RU\NLR\BIBL_A\022470949 | ||
| 005 | 20250810080556.0 | ||
| 035 | _a(NLR Aleph) 022470949 | ||
| 090 |
_a13369520 _c13369520 |
||
| 100 | _a20250226d1941 d y0rusy50 ca | ||
| 101 | 0 | _aaze | |
| 102 | _aAZ | ||
| 105 | _aa z 000 y | ||
| 181 | 0 |
_ai _baxxe |
|
| 182 | 0 | _an | |
| 200 | 0 |
_a4-ҹү һиссә _e... 4-ҹү синфи ... _fН. С. Попова вә А. С. Пчйолко |
|
| 203 |
_aТекст _bвизуальный _cнепосредственный |
||
| 210 | _d1941 | ||
| 215 |
_a103, [1] с. _cил. |
||
| 461 | 0 |
_1001RU\NLR\BIBL_A\022470455 _12001#$aАрифметика мәсәлә вә мисаллары$eибтидаи мәктәбин...үчүн$fН. С. Попова$vЧ.4 _1700#1$aПопова$bН.С.$gНаталия Сергеевна$4070 |
|
| 942 | _cBOOK | ||
| 945 | _aРоссийская национальная библиотека | ||
| 980 | _aBV | ||
| 980 | _aNB | ||